LDR 01212naa#a2200217#i#450# 001 RU\\bibl\121482 005 20260429002122.3 011 ## _a1994-4683 100 ## _a20230531b2023####ek#y0rusy0150####ca 102 ## _aRU 200 1# _aПОВЫШЕНИЕ ФИЗИЧЕСКОЙ ПОДГОТОВЛЕННОСТИ МОРСКИХ КУРСАНТОВ, ПОСТУПАЮЩИХ В ВОЕННЫЙ УЧЕБНЫЙ ЦЕНТР _eЖурнальная статья 210 1# _aМосква _cНациональный государственный Университет физической культуры, спорта и здоровья им. П.Ф. Лесгафта _d2023 215 ## _a3 с. 608 ## _aЖурнальная статья _2local 675 ## _aДругие методы и формы тренировки, например имитирующая тренировка, идеомоторная тренировка, ментальная тренировка,аутогенная тренировка. 796.015.59 _z 700 #1 _aШарина _gЕ П 700 #1 _aШумская _gО О 700 #1 _aДубин _gА И 700 #1 _aМоисеев _gА Н 700 #1 _aБелкина _gН В 856 4# _auchzapiski.lesgaft.spb.ru _u